| 000 | 00554nam a2200193Ia 4500 | ||
|---|---|---|---|
| 003 | SGT | ||
| 020 | _a9780070700307 | ||
| 082 |
_a620.105 _bBEE |
||
| 100 | _aBeer,F.P | ||
| 245 | _aVector mechanics for engineers | ||
| 250 | _a9th Ed. | ||
| 260 |
_bTata McGraw Hill Education Private Limited _aNew Delhi _c2010 |
||
| 300 | _a1325p. | ||
| 650 | _aELECTRONICS | ||
| 653 | _aINTRODUCTION, STATICS OF PARTICLES, EQUIVALENT SYSTEMS OF FORCES, EQUILIBRIUM OF RIGID BODIES, CENTROIDS | ||
| 700 | _aJohnston,E.R | ||
| 700 | _aMazurek,D.F | ||
| 942 |
_2ddc _cBK |
||
| 999 |
_c5208 _d5208 |
||